书目信息 |
| 题名: |
语言研究译丛
|
|
| 作者: | ;南开大学中文系语言研究译丛编辑部 编 | |
| 分册: | ||
| 出版信息: | 天津 天津人民出版社 1988.9 |
|
| 页数: | 380页 | |
| 开本: | 19厘米 | |
| 丛书名: | ||
| 单 册: | ||
| 中图分类: | H0-53 , H0 | |
| 科图分类: | 41.1083 | |
| 主题词: | 语言学--研究--译丛 | |
| 电子资源: | ||
| ISBN: | 7-201-00004-7 | |
| 000 | 00840nam0 2200241 45 | |
| 001 | 1573967877 | |
| 005 | 20150120203320.59 | |
| 010 | @a7-201-00004-7@dCNY0.88 | |
| 100 | @a19921105d1988 kemy0chiy0121 ea | |
| 101 | 0 | @achi |
| 102 | @aCN@b120000 | |
| 105 | @ay z 000yy | |
| 200 | 10 | @a语言研究译丛@AYU YAN YAN JIU YI CONG@f南开大学中文系《语言研究译丛》编辑部编@FNAN KAI DA XUE ZHONG WEN XI 《 YU YAN YAN JIU YI CONG 》 BIAN JI BU BIAN |
| 210 | @a天津@c天津人民出版社@d1988.9 | |
| 215 | @a380页@d19厘米 | |
| 540 | 1 | @a语言 研究 译丛@AYU YAN YAN JIU YI CONG |
| 606 | @a语言学@x研究@x译丛 | |
| 690 | @aH0-53@v三版 | |
| 690 | @aH0@v4 | |
| 692 | @a41.1083 | |
| 711 | 02 | @a南开大学中文系语言研究译丛编辑部@ANAN KAI DA XUE ZHONG WEN XI YU YAN YAN JIU YI CONG BIAN JI BU@4编 |
| 801 | 0 | @aCN@bTSSF@c20150120 |
| 905 | @aZUCC@dH0@eJY52 | |
| 语言研究译丛/南开大学中文系《语言研究译丛》编辑部编.-天津:天津人民出版社,1988.9 |
| 380页;19厘米 |
| ISBN 7-201-00004-7:CNY0.88 |
| ● |
| 相关链接 |
|
|
|
|
正题名:语言研究译丛
索取号:H0/JY52
 
预约/预借
| 序号 | 登录号 | 条形码 | 馆藏地/架位号 | 状态 | 备注 |
| 1 | 7849931 | 278499313 | 学院路分馆/ [索取号:H0/JY52] | 在馆 |